| 000 | 00828cem a22002414a 4500 | ||
|---|---|---|---|
| 020 | _a2746705249 | ||
| 020 | _a2746703343 | ||
| 040 | _cDLC | ||
| 082 | 0 | 0 | _a333 AUT 2003 A065 Or. |
| 100 | 1 | _aDiop, Salif. | |
| 245 | 1 | 0 |
_aAtlas mondial de l'eau : _bune pénurie annoncée / |
| 250 | _aNouv. éd. | ||
| 260 |
_aParis : _bAutrement : _bPNUE ; _aCaen : _bMémorial de Caen, _c2003. |
||
| 300 |
_a1 atlas (63, vii p.) : _bcol. ill., col. maps ; _c25 cm. |
||
| 500 | _a"Avec un supplément sur l'eau en France"--Cover. | ||
| 500 | _aAdaptation of English translation of: Vital water graphics : an overview of the state of the world's fresh and marine waters. | ||
| 650 | 0 | _aWater-supply | |
| 650 | 0 | _aWater-supply | |
| 650 | 0 | _aWater conservation | |
| 650 | 0 | _aWater-supply | |
| 700 | 1 | _aRekacewicz, Philippe. | |
| 942 | _cEK | ||
| 999 |
_c14230 _d14230 |
||